مكتبة جامعة عجلون الوطنية

فهرس بحث المكتبة

Papers of International Commercial Arbitration : The most Important Alternatives for Commercial Disputes Resolution Vol.4 (Record no. 1839)

MARC details
000 -LEADER
fixed length control field 00696nam a2200193Ii 4500
003 - CONTROL NUMBER IDENTIFIER
control field JO-AjNU
008 - FIXED-LENGTH DATA ELEMENTS--GENERAL INFORMATION
fixed length control field 230606s9999||||xx |||||||||||||| ||und||
040 ## - CATALOGING SOURCE
Original cataloging agency JO-AjNU
Language of cataloging eng
Description conventions rda
Transcribing agency JO-AjNU
041 ## - LANGUAGE CODE
Language code of text/sound track or separate title eng
050 14 - LIBRARY OF CONGRESS CALL NUMBER
Classification number HG4551 2007
100 3# - MAIN ENTRY--PERSONAL NAME
Personal name the 16th Annual conference,
Relator term author
9 (RLIN) 3524
245 00 - TITLE STATEMENT
Title Papers of International Commercial Arbitration : The most Important Alternatives for Commercial Disputes Resolution Vol.4
264 31 - PRODUCTION, PUBLICATION, DISTRIBUTION, MANUFACTURE, AND COPYRIGHT NOTICE
Place of production, publication, distribution, manufacture الامارات: جامعة الامارات ، 2007
300 ## - PHYSICAL DESCRIPTION
Extent Vol.4, 479p
336 ## - CONTENT TYPE
Content type term text
Content type code txt
Source rdacontent
337 ## - MEDIA TYPE
Media type term unmediated
Media type code n
Source rdamedia
338 ## - CARRIER TYPE
Carrier type term volume
Carrier type code nc
Source rdacarrier
650 #4 - SUBJECT ADDED ENTRY--TOPICAL TERM
Topical term or geographic name entry element International Commercial Arbitration
9 (RLIN) 3525
Holdings
Withdrawn status Lost status Source of classification or shelving scheme Damaged status Not for loan Home library Current library Shelving location Date acquired Total Checkouts Full call number Barcode Date last seen Price effective from Koha item type
    Library of Congress Classification     مكتبة جامعة عجلون الوطنية مكتبة جامعة عجلون الوطنية المجموعات العامة 06/06/2023   HG4551 2007 E1839 06/06/2023 06/06/2023 Books